Normal view
MARC view
- Weissberg ,Robert
Entry Personal Name
001 - CONTROL NUMBER
- control field: 15211
003 - CONTROL NUMBER IDENTIFIER
- control field: OSt
005 - DATE AND TIME OF LATEST TRANSACTION
- control field: 20260205120609.0
008 - FIXED-LENGTH DATA ELEMENTS
- fixed length control field: 260205|| aca||aabn | a|a d
040 ## - CATALOGING SOURCE
- Original cataloging agency: OSt
- Transcribing agency: OSt
100 ## - HEADING--PERSONAL NAME
- Personal name: Weissberg ,Robert
670 ## - SOURCE DATA FOUND
- Source citation: Work cat.: (OSt)6021: Weissberg ,Robert, Public Opinion and Popual Government /, c1976 .